| 000 | 01087cam a2200313 a 4500 | ||
|---|---|---|---|
| 999 |
_c3179 _d3179 |
||
| 001 | 12876270 | ||
| 003 | GZU | ||
| 005 | 20201123083308.0 | ||
| 008 | 020730s2003 enka b 001 0 eng | ||
| 010 | _a 2002028106 | ||
| 020 | _a0754609006 | ||
| 040 |
_aDLC _cDLC _dDLC |
||
| 050 | 0 | 0 |
_aHD58.7 _b.WIL 2003 |
| 082 | 0 | 0 |
_a305.42 _221 |
| 100 | 1 |
_aWilson, Fiona M. _q(Fiona Margaret), _d1955- |
|
| 245 | 1 | 0 |
_aOrganizational behaviour and gender / _cFiona M. Wilson. |
| 250 | _a2nd ed. | ||
| 260 |
_aAldershot, Hants, England ; _aBurlington, VT : _bAshgate, _cc2003. |
||
| 300 |
_a254 p. : _bill. ; _c24 cm. |
||
| 504 | _aIncludes bibliographical references and index. | ||
| 650 | 0 | 0 | _aOrganizational behavior. |
| 650 | 0 | 0 |
_aWomen _xEmployment. |
| 650 | 0 | 0 | _aSex role in the work environment. |
| 650 | 0 | 0 | _aSexism. |
| 650 | 0 | 0 | _aPsychology, Industrial. |
| 906 |
_a7 _bcbc _corignew _d1 _eocip _f20 _gy-gencatlg |
||
| 942 |
_2lcc _cBK _h58.7 _iWIL _kHD |
||